THE DESIGN CONSTRUCTION AND USE OF REMOVABLE ORTHODONTICS APPLIANCES (Record no. 4140)

MARC details
000 -LEADER
fixed length control field 00414nam a2200145Ia 4500
008 - FIXED-LENGTH DATA ELEMENTS--GENERAL INFORMATION
fixed length control field 150201s1993 xx 000 0 und d
082 ## - DEWEY DECIMAL CLASSIFICATION NUMBER
Classification number 617.643
Item number D1993A
100 ## - MAIN ENTRY--PERSONAL NAME
Personal name ADAMS,C PHILLIP
245 ## - TITLE STATEMENT
Title THE DESIGN CONSTRUCTION AND USE OF REMOVABLE ORTHODONTICS APPLIANCES
250 ## - EDITION STATEMENT
Edition statement 6TH
260 ## - PUBLICATION, DISTRIBUTION, ETC. (IMPRINT)
Name of publisher, distributor, etc. W.VARGHESE PUBLICATION
Place of publication, distribution, etc. DADAR (MUMBAI)
Date of publication, distribution, etc. 1993
300 ## - PHYSICAL DESCRIPTION
Extent 1-198
650 ## - SUBJECT ADDED ENTRY--TOPICAL TERM
Topical term or geographic name as entry element ORTHODONTICS
942 ## - ADDED ENTRY ELEMENTS (KOHA)
Source of classification or shelving scheme Dewey Decimal Classification
Koha item type Books
Koha issues (borrowed), all copies 3
Holdings
Withdrawn status Lost status Source of classification or shelving scheme Damaged status Not for loan Home library Current library Date acquired Source of acquisition Cost, normal purchase price Serial Enumeration / chronology SGTU Bill Number Total Checkouts Full call number Barcode Date last seen Date last checked out Bill Date Koha item type
    Dewey Decimal Classification     SGT Dental Library SGT Dental Library 25/11/2008 U.B.S.DELHI 395.00 1 SGTU 683 1 617.643 D1993A FD5579 27/09/2025 26/09/2025 12/02/2013 Books
    Dewey Decimal Classification     SGT Dental Library SGT Dental Library 25/11/2008 U.B.S.DELHI 395.00 1 SGTU 683 5 617.643 D1993A FD5580 02/06/2023 02/06/2023 12/02/2013 Books
    Dewey Decimal Classification     SGT Dental Library SGT Dental Library 25/11/2008 U.B.S.DELHI 395.00 1 SGTU 683 12 617.643 D1993A FD5581 25/09/2023 25/09/2023 12/02/2013 Books